| 000 | 00845nam a22002297a 4500 | ||
|---|---|---|---|
| 999 |
_c14270 _d14270 |
||
| 003 | AR-CdUCM | ||
| 008 | 190422b ||||| |||| 00| 0 spa d | ||
| 020 | _a84-226-5942-5 | ||
| 040 |
_aMUNICIPALIDAD PROVINCIAL DEL CUSCO _cBIBLIOTECA MUNICIPAL DEL CUSCO |
||
| 082 |
_aEP / 803 / _bK56 |
||
| 100 |
_aKing - Smith, Dick. _925905 |
||
| 245 |
_aBabe : _bEl cerdito valiente / |
||
| 260 |
_aBarcelona : _bEmecé editores, _c1995. |
||
| 300 |
_c21 cm. _a137 páginas ; |
||
| 440 |
_aCirculo de lectores. _932986 |
||
| 505 | _aContenido :Adivina cuánto peso -- ¿Por que no puedo aprender yo? -- Eres un jovencito muy atento -- ¿Que son las pruebas? --Ha llegado el día ... | ||
| 650 |
_aCuentos _9217 |
||
| 650 |
_aHistorietas _910786 |
||
| 700 |
_aGómez Parro Esther (traductor) _932987 |
||
| 942 |
_2ddc _cLIBROS |
||
| 945 |
_arum _d2019-04-22 |
||